| 000 | 00604nam a2200181 i 4500 | ||
|---|---|---|---|
| 001 | 70596 | ||
| 003 | ES-MaACL | ||
| 005 | 20250625063147.0 | ||
| 007 | t| | ||
| 008 | 040728s1948 sp ||||1| spa d | ||
| 100 | 1 |
_aGarciasol, Ramón de, _d1913-1994 _9236221 |
|
| 245 | 1 | 0 |
_aCinco aspectos de la vida en el "Quijote" / _cRamón de Garciasol (seud.). |
| 260 |
_aMadrid : _b[s.n., _c1948] |
||
| 300 |
_a18 p. ; _c25 cm. |
||
| 500 | _aEs tirada aparte de: Cuadernos de Literatura (fasc. 8-9 marzo-junio de 1948, p. 229-246) | ||
| 852 |
_aES-MaACL _j1893-F-8 _bR.26929 |
||
| 999 |
_c70596 _d70596 |
||